Mathematical ideas
| Main Authors: | , , |
|---|---|
| Format: | Section = Libro |
| Language: | Undetermined Spanish |
| Published: |
Boston
Addison/Wesley
2008
|
| Edition: | 11a.ed. |
| Subjects: |
| LEADER | 00606nam a2200253Ia 4500 | ||
|---|---|---|---|
| 008 | 240829s9999 xx 000 0 und d | ||
| 020 | |a 0-321-36146-6 | ||
| 040 | |a BIBLIOTECA-RUSB/ 510 M647 | ||
| 041 | |a spa | ||
| 082 | |a 510 M647 | ||
| 100 | 1 | |a Miller, Charles D. | |
| 100 | 1 | |b Heeren, Vern E | |
| 100 | 1 | |c Hornsby, John | |
| 245 | 1 | 0 | |a Mathematical ideas |
| 250 | |a 11a.ed. | ||
| 260 | |a Boston |b Addison/Wesley |c 2008 | ||
| 300 | |a 1125 p. :il. | ||
| 650 | 7 | |a MATEMATICAS | |
| 650 | 7 | |b ALGEBRA | |
| 650 | 7 | |c GEOMETRIA | |
| 650 | 7 | |d PROBABILIDADES | |
| 942 | |c BK |2 ddc | ||
| 991 | |a TEXTO | ||
| 999 | |c 1270 | ||